Unscramble Tree Names - Statistics

General Stats
  • This quiz has been taken 389 times
  • The average score is 10 of 15
Answer Stats
Hint Answer % Correct
koa Oak
99%
has Ash
98%
lamp Palm
93%
rihbc Birch
81%
kate Teak
81%
ceheb Beech
80%
zahle Hazel
71%
drace Cedar
69%
ltnawu Walnut
68%
ucsutyelpa Eucalyptus
66%
gymohana Mahogany
50%
abboba Baobab
45%
pcseru Spruce
43%
drael Alder
42%
ramunblu Laburnum
7%
No matching quizzes found
Score Distribution
Percent of People with Each Score
Percentile by Number Answered
Your Score History
You have not taken this quiz